| 000 | 01825nam a22004577a 4500 | ||
|---|---|---|---|
| 003 | CHAP | ||
| 005 | 20220329143328.0 | ||
| 008 | 080819s2007 mx r 00010 spa d | ||
| 010 | _a95039 | ||
| 011 | _a96011 | ||
| 035 | _a106650 | ||
| 040 | _cCHAP | ||
| 090 | _aTesis | ||
| 100 | 0 | 0 |
_aCamiro Pérez, Mario Alberto. _917877 |
| 245 | 1 | 4 |
_aLas instituciones microfinancieras en el proceso de transformación para su regulación en México _c/por Mario Alberto Camiro Pérez |
| 260 |
_aChapingo, Méx. : _bEl autor, _c2007 |
||
| 300 |
_axvii, 227 h. : _bgráfs., cuadros |
||
| 502 | _aTesis (Dr. en Problemas Económico Agroindustriales) -- UACH. Centro de Investigaciones Económicas, Sociales y Tecnológicas de la Agroindustria y la Agricultura Mundial | ||
| 530 | _aTambién disponible en línea | ||
| 590 |
_aALEPH _b10 _c20130110 _lUCH01 _h1523 |
||
| 590 |
_aBATCH-UPD _b10 _c20130110 _lUCH01 _h1608 |
||
| 590 |
_aBATCH-UPD _b10 _c20130410 _lUCH01 _h1004 |
||
| 590 |
_aBATCH-UPD _b10 _c20130914 _lUCH01 _h0254 |
||
| 590 |
_aBATCH-UPD _b10 _c20140324 _lUCH01 _h1506 |
||
| 590 |
_aBATCH-UPD _b10 _c20141002 _lUCH01 _h0836 |
||
| 590 |
_aBATCH _b00 _c20181121 _lUCH01 _h0759 |
||
| 590 |
_aCONVERSION _b10 _c20130109 _lUCH01 _h1353 |
||
| 650 | 1 | 4 |
_aAhorro e inversión. _93105 |
| 650 | 1 | 4 |
_aAyuda técnica. _99035 |
| 650 | 1 | 4 |
_aBancos y operaciones bancarias. _99913 |
| 650 | 1 | 4 |
_aCrédito cooperativo. _929093 |
| 650 | 1 | 4 |
_aEmpresas agropecuarias. _936649 |
| 650 | 1 | 4 |
_aSociedades cooperativas. _9108118 |
| 856 |
_3Finding aid _uhttp://10.13.5.2/tesis/106650.pdf _zTeclea aqui |
||
| 856 |
_a1 _n0001194 |
||
| 901 | _aBK | ||
| 905 | _aluigm | ||
| 942 | _cFOLL | ||
| 949 |
_aTesis _bBC _cTES _d33724002067389 _eTS1 _gDonaciØn _h47914 _i106650 _sb |
||
| 949 |
_aTesis _bBC _cTES _d33724002067421 _eTS2 _fc.2 _gDonaciØn _h47915 _i106650 _si |
||
| 999 |
_c95039 _d95039 |
||